Представление документа в формате RUSMARC

ПолеНазваниеЗначение
  Тип записи a
  Библиографический уровень a
001 Контрольный номер RU/CBS_Ul/BASE/507124906
005 Дата корректировки 20240209175155.6
100 Данные общей обработки __
a Данные общей обработки 20160126d2016 ||| 0rusy0189 ca
101 Язык документа 0_
a Язык текста rus
102 Страна публикации __
a Страна публикации RU
105 Кодированные данные (монография) __
a Кодированные данные (монография) y###||||000|y
200 Заглавие и сведения об ответственности 1_
a Заглавие Как "одомашнить" хурму
b Общее обозначение материала Текст
e Сведения, относящиеся к заглавию [советы по выращиванию хурмы на приусадебных участках]
f Первые сведения об ответственности Г. Крупнова
300 Общие примечания __
a Общие примечания Ограничения по возрасту - 12+
461 Уровень набора _0
1 2000
a Приусадебное хозяйство
463 Уровень физической единицы _0
1 001RU/CBS_Ul/BASE/506601356
1 2000
a № 12
v С. 56-57
1 210
d 2015
606 Тематические рубрики 0_
a Основная рубрика Хурма - Культура
610 Ключевые слова 0_
a Ключевые слова хурма
a Ключевые слова выращивание хурмы
a Ключевые слова сорта хурмы
a Ключевые слова королек (фрукты)
686 Индексы других классификаций __
a Классификационный индекс 42.8
2 Код системы ББК
700 Автор _1
a Фамилия Крупнова
b Имя (инициалы) Г.
801 Источник записи _0
a Страна RU
b Организация МБУК ЦБС г. Ульяновска
c Дата составления 20160126
g Правила каталогизации RCR
801 Источник записи _1
a Страна RU
b Организация МБУК ЦБС г. Ульяновска
c Дата составления 20160126
g Правила каталогизации RCR
901 Тип документа __
t Тип документа b
w Контрольный № источника RU/CBS_Ul/BASE/506601356
910 Корректоры записи __
a Корректор записи Асеева
938 Служебная информация __
a Имя БД period